000 00778cam a2200265 a 4500
008
020 _a0750647965 (pbk.)
049 _aMAIN
090 _aGT3405EVE
245 1 0 _a Event Management /
_cGlenn Bowdin
260 _aAmsterdam ;
_aBoston :
_bElsevier/Butterworth-Heinemann,
_c2003
300 _axviii, 321 p. :
_bill. ;
_c25 cm.
440 0 _aEvents management series.
504 _aIncludes bibliographical references.
500 _aIncludes index.
650 0 _aSpecial events
_xManagement.
700 1 _aMcDonnell, Ian
700 _aO'toole,William
700 1 _aAllen, Johnney
907 _a.b10204076
_b09-06-06
_c30-05-06
003
005 20230123134217.0
040 _cNUST
942 _cBOOKS
_kGT3405EVE
999 _c161960
_d161960